Leicester 2015-2016 - Statistiques

Statistiques générales
  • Ce quiz a été pris 127 fois
  • Le résultat moyen est 8 sur 12
Statistiques - réponses
Poste Nationalité Réponse % Correct
Milieu droit Algérien Riyad Mahrez
99%
Attaquant Anglais Jamie Vardy
98%
Milieu défensif Français N'golo Kanté
97%
Gardien Danois Kasper Schmeichel
92%
Entraineur Italien Claudio Ranieri
79%
Milieu défensif Anglais Danny Drinkwater
77%
Défenseur central Jamaïcain Wes Morgan
61%
Défenseur gauche Autrichien Christian Fuchs
51%
Attaquant Japonais Shinji Okazaki
50%
Milieu gauche Anglais Marc Albrighton
46%
Défenseur central Allemand Robert Huth
45%
Défenseur droit Anglais Danny Simpson
39%
Aucun quiz correspondant
Distribution des résultats
% des personnes avec chaque résultat
Percentile par nombre de réponses
Votre historique - résultats
Vous n’avez pas pris ce quiz